Dlhodobá nezamestnanosť a prístupy k riešeniu vo vybranom regióne bakalárska práca

Na minha lista:
Detalhes bibliográficos
Autor principal: Polorecký, Peter
Autor Corporativo: Národohospodárska fakulta EU. Katedra sociálneho rozvoja a práce
Outros Autores: Pogány, Tomáš
Formato: Livro
Idioma:eslovaco
Publicado em: Bratislava 2013
Tags: Adicionar Tag
Sem tags, seja o primeiro a adicionar uma tag!

MARC

LEADER 00000nbm a2200000 4500
001 0172713
005 20161109112112.8
041 0 |a slo 
044 |a SK 
245 1 0 |a Dlhodobá nezamestnanosť a prístupy k riešeniu vo vybranom regióne  |b bakalárska práca  |c Peter Polorecký ; školiteľ: Tomáš Pogány 
264 1 |a Bratislava  |c 2013 
300 |a 58 s. 
100 1 |a Polorecký, Peter 
700 1 |a Pogány, Tomáš 
710 2 |a Národohospodárska fakulta EU. Katedra sociálneho rozvoja a práce